[Event "Staufer op 32nd"]
[Site "Schwaebisch Gmuend"]
[Date "2020.01.04"]
[Round "5"]
[White "Sedlak, Nikola"]
[Black "Grill, Bernd"]
[Result "1-0"]
[WhiteElo "2563"]
[BlackElo "2094"]
[PlyCount "107"]
[EventDate "2020.01.02"]
[EventType "swiss"]
[EventRounds "9"]
[EventCountry "GER"]
[SourceTitle "CBM 194 Extra"]
[Source "ChessBase"]
[SourceDate "2020.03.31"]
[SourceVersion "1"]
[SourceVersionDate "2020.03.31"]
[SourceQuality "1"]

1. d4 Nf6 2. Bg5 Ne4 3. Bf4 d5 4. e3 c5 5. Bd3 Nf6 6. c3 e6 7. Nd2 Bd6 8. dxc5 Bxc5 9. Ngf3 Nc6 10. Qe2 Nh5 11. Bg5 Be7 12. Bxe7 Qxe7 13. 0-0 0-0 14. c4 Nf6 15. cxd5 Nxd5 16. Be4 Rd8 17. Rac1 e5 18. Nb3 Be6 19. Nc5 h6 20. Nxe6 Qxe6 21. Rfd1 Nde7 22. a3 a6 23. Nd2 Rac8 24. h3 g6 25. Rc2 Kg7 26. Rdc1 f5 27. Bxc6 Rxc6 28. Nc4 b5 29. Na5 Rxc2 30. Qxc2 Rc8 31. Qb1 Qb6 32. b4 Rxc1+ 33. Qxc1 Kf6 34. Nb3 Kf7 35. Nc5 Qd6 36. Qa1 h5 37. a4 Nc8 38. h4 Ne7 39. a5 Kg8 40. Qa2+ Kf8 41. Qe6 Qd1+ 42. Kh2 Qd2 43. Nd7+ Ke8 44. Nxe5 Qxb4 45. Nxg6 Kd8 46. Qb6+ Ke8 47. Nf4 Qa3 48. Qxa6 b4 49. Qb5+ Kf7 50. a6 b3 51. a7 b2 52. Nxh5 b1Q 53. Qxb1 Qxa7 54. Qb3+ 1-0

[Event "Wuerttemberg-ch MT"]
[Site "Stuttgart"]
[Date "2015.09.05"]
[Round "8"]
[White "Grill, Bernd"]
[Black "Gabriel, Robert A"]
[Result "1/2-1/2"]
[WhiteElo "2220"]
[BlackElo "2184"]
[PlyCount "72"]
[EventDate "2015.08.29"]
[EventType "swiss"]
[EventRounds "9"]
[EventCountry "GER"]
[SourceTitle "EXT 2017"]
[Source "ChessBase"]
[SourceDate "2016.10.25"]
[SourceVersion "1"]
[SourceVersionDate "2016.10.25"]
[SourceQuality "1"]

1. d4 d5 2. c4 e6 3. Nf3 Nf6 4. g3 c5 5. Bg2 Nc6 6. 0-0 Be7 7. cxd5 exd5 8. Nc3 Be6 9. dxc5 Bxc5 10. Bg5 Be7 11. Nd4 0-0 12. Rc1 Nxd4 13. Qxd4 Qa5 14. h3 Rac8 15. Be3 Bc5 16. Qd2 Bb4 17. Bd4 Ne4 18. Qf4 Nxc3 19. bxc3 Be7 20. Qd2 Rc4 21. Rb1 b6 22. g4 Rfc8 23. Rfd1 Ra4 24. Rb2 Bc5 25. Bxc5 Rxc5 26. e4 Qxc3 27. Qxc3 Rxc3 28. exd5 Bd7 29. Re2 Kf8 30. d6 Rc8 31. Re7 Be6 32. f4 Rd8 33. Rc7 Rxf4 34. Rxa7 Rc4 35. a4 g6 36. Rb7 Rxa4 1/2-1/2

[Event "Wuerttemberg-ch MT"]
[Site "Stuttgart"]
[Date "2015.08.31"]
[Round "3"]
[White "Hoeglauer, Patrick"]
[Black "Grill, Bernd"]
[Result "1-0"]
[WhiteElo "2168"]
[BlackElo "2220"]
[PlyCount "67"]
[EventDate "2015.08.29"]
[EventType "swiss"]
[EventRounds "9"]
[EventCountry "GER"]
[SourceTitle "EXT 2017"]
[Source "ChessBase"]
[SourceDate "2016.10.25"]
[SourceVersion "1"]
[SourceVersionDate "2016.10.25"]
[SourceQuality "1"]

1. d4 d5 2. c4 c6 3. cxd5 cxd5 4. Nf3 Nf6 5. Nc3 Nc6 6. Bf4 Bf5 7. e3 e6 8. Be2 Bd6 9. Qb3 0-0 10. Bxd6 Qxd6 11. 0-0 Na5 12. Qa4 b6 13. Rfc1 Rfc8 14. Ne5 a6 15. Qa3 Qd8 16. b3 b5 17. Nd1 Ne4 18. f3 Nd6 19. Nf2 f6 20. Ned3 Bxd3 21. Nxd3 Nf5 22. Kf2 Qb6 23. Rxc8+ Rxc8 24. Rc1 Rxc1 25. Qxc1 Qd6 26. Qc8+ Kf7 27. g3 Qc6 28. Qb8 Nb7 29. Qa7 Ne7 30. Nb4 Qc3 31. Nxa6 Nf5 32. Qxb7+ Kg6 33. Qxb5 Qxe3+ 34. Kg2 1-0

[Event "Wuerttemberg-ch MT"]
[Site "Stuttgart"]
[Date "2015.08.29"]
[Round "1"]
[White "Gabriel, Josef"]
[Black "Grill, Bernd"]
[Result "0-1"]
[WhiteElo "2094"]
[BlackElo "2220"]
[PlyCount "124"]
[EventDate "2015.08.29"]
[EventType "swiss"]
[EventRounds "9"]
[EventCountry "GER"]
[SourceTitle "EXT 2017"]
[Source "ChessBase"]
[SourceDate "2016.10.25"]
[SourceVersion "1"]
[SourceVersionDate "2016.10.25"]
[SourceQuality "1"]

1. e4 Nf6 2. d3 d5 3. Nd2 e5 4. Ngf3 Nc6 5. Be2 Be7 6. 0-0 0-0 7. Re1 Re8 8. Bf1 d4 9. c3 Bf8 10. cxd4 Nxd4 11. Nxd4 Qxd4 12. Nc4 c5 13. Bd2 Ng4 14. Qf3 b5 15. Bc3 Qd7 16. Na5 Ba6 17. b3 Nf6 18. a4 bxa4 19. Rxa4 Rab8 20. Qd1 Bb5 21. Ra2 a6 22. Qa1 Qe6 23. Nc4 Nd7 24. Ne3 Nb6 25. Nc4 f6 26. Qd1 Nc8 27. Re3 Ne7 28. Rh3 g6 29. Ne3 Red8 30. Ba5 Re8 31. Be2 Nc6 32. Nd5 Nxa5 33. Rxa5 Rb7 34. Qa1 Rd8 35. f4 Bg7 36. Qc3 exf4 37. Nxf4 Qd6 38. Nd5 f5 39. Qc2 Bd4+ 40. Kh1 Qe5 41. Rf3 Kg7 42. Bf1 Rf7 43. Qd1 Rdf8 44. Ra2 fxe4 45. dxe4 Qxe4 46. Rxf7+ Rxf7 47. Bc4 Bc6 48. Nb6 Rf2 49. Rxf2 Bxf2 50. Qf1 Qd4 51. Bxa6 h5 52. Be2 h4 53. Qd1 h3 54. Qxd4+ cxd4 55. Bf1 d3 56. Nc4 Kf6 57. Nd2 g5 58. b4 g4 59. b5 Bd5 60. Nb1 Ke5 61. Nc3 Bb7 62. Na4 Bd4 0-1

[Event "Wuerttemberg-ch MT"]
[Site "Stuttgart"]
[Date "2015.08.29"]
[Round "2"]
[White "Grill, Bernd"]
[Black "Maj, Kornel"]
[Result "1/2-1/2"]
[WhiteElo "2220"]
[BlackElo "2051"]
[PlyCount "72"]
[EventDate "2015.08.29"]
[EventType "swiss"]
[EventRounds "9"]
[EventCountry "GER"]
[SourceTitle "EXT 2017"]
[Source "ChessBase"]
[SourceDate "2016.10.25"]
[SourceVersion "1"]
[SourceVersionDate "2016.10.25"]
[SourceQuality "1"]

1. c4 c5 2. g3 Nc6 3. Bg2 g6 4. Nc3 Bg7 5. Nf3 e5 6. 0-0 Nge7 7. Ne1 0-0 8. Nc2 d6 9. a3 Be6 10. Ne3 a5 11. Ned5 f5 12. d3 h6 13. Rb1 Rb8 14. Bd2 g5 15. Nxe7+ Qxe7 16. Nd5 Qf7 17. b4 axb4 18. axb4 b6 19. b5 Ne7 20. Nc7 Bc8 21. Na6 Rb7 22. Qb3 Ng6 23. Bd5 Be6 24. Bxb7 Qxb7 25. f3 d5 26. cxd5 Bxd5 27. Qc2 e4 28. fxe4 fxe4 29. Rxf8+ Nxf8 30. Rf1 Ne6 31. dxe4 Nd4 32. Qd3 Bxe4 33. Qc4+ Bd5 34. Qd3 Be4 35. Qc4+ Bd5 36. Qd3 Be4 1/2-1/2

[Event "Wunsiedel op 9th"]
[Site "Wunsiedel"]
[Date "2015.05.15"]
[Round "3"]
[White "Grill, Bernd"]
[Black "Kunin, Vitaly L"]
[Result "0-1"]
[WhiteElo "2212"]
[BlackElo "2571"]
[PlyCount "70"]
[EventDate "2015.05.14"]
[EventType "swiss"]
[EventRounds "7"]
[EventCountry "GER"]
[SourceTitle "CBM 166 Extra"]
[Source "ChessBase"]
[SourceDate "2015.06.18"]
[SourceVersion "1"]
[SourceVersionDate "2015.06.18"]
[SourceQuality "1"]

1. c4 e5 2. g3 Nf6 3. Bg2 Bc5 4. Nc3 0-0 5. Nf3 Nc6 6. 0-0 Re8 7. d3 h6 8. a3 a6 9. b4 Ba7 10. Bb2 d6 11. Nd2 Ne7 12. Qb3 c6 13. Nce4 Nf5 14. Nxf6+ Qxf6 15. e3 Be6 16. Qc3 Qd8 17. c5 dxc5 18. bxc5 f6 19. Ne4 Bb8 20. a4 Bc7 21. Ba3 Re7 22. Rfd1 Rd7 23. Rab1 Rb8 24. Bf1 Ne7 25. Nd6 b5 26. axb5 axb5 27. e4 Nc8 28. Nxc8 Rxc8 29. Be2 Ba5 30. Bb4 Ra8 31. Ra1 Bxb4 32. Qxb4 Rd4 33. Qb2 Rda4 34. Rxa4 Rxa4 35. Bh5 Kh7 0-1

[Event "Wuerttemberg-ch MT"]
[Site "Gruenbach"]
[Date "2014.09.06"]
[Round "8"]
[White "Mueller, Philipp1111"]
[Black "Grill, Bernd"]
[Result "0-1"]
[WhiteElo "2088"]
[BlackElo "2210"]
[PlyCount "64"]
[EventDate "2014.08.30"]
[EventType "swiss"]
[EventRounds "9"]
[EventCountry "GER"]
[SourceTitle "EXT 2017"]
[Source "ChessBase"]
[SourceDate "2016.10.25"]
[SourceVersion "1"]
[SourceVersionDate "2016.10.25"]
[SourceQuality "1"]

1. e4 Nf6 2. e5 Nd5 3. d4 Nb6 4. Nf3 d5 5. a4 a5 6. Bb5+ c6 7. Bd3 Bg4 8. h3 Bxf3 9. Qxf3 e6 10. Qg3 c5 11. dxc5 N6d7 12. Nc3 Nc6 13. 0-0 Ndxe5 14. Nb5 Bxc5 15. Qxg7 Kd7 16. Bg5 Qg8 17. Bf6 Qxg7 18. Bxg7 Rhg8 19. Bf6 Nxd3 20. cxd3 Rg6 21. d4 Bb6 22. Be5 Rag8 23. g4 h5 24. Kg2 hxg4 25. h4 f6 26. Bf4 Rh8 27. Rh1 Bxd4 28. Rac1 Bb6 29. h5 Rgg8 30. h6 e5 31. Bd2 Ke6 32. Rh5 Rh7 0-1

[Event "Wuerttemberg-ch MT"]
[Site "Gruenbach"]
[Date "2014.09.04"]
[Round "6"]
[White "Meschke, Andreas"]
[Black "Grill, Bernd"]
[Result "0-1"]
[WhiteElo "2101"]
[BlackElo "2210"]
[PlyCount "84"]
[EventDate "2014.08.30"]
[EventType "swiss"]
[EventRounds "9"]
[EventCountry "GER"]
[SourceTitle "EXT 2017"]
[Source "ChessBase"]
[SourceDate "2016.10.25"]
[SourceVersion "1"]
[SourceVersionDate "2016.10.25"]
[SourceQuality "1"]

1. e4 e6 2. d4 d5 3. Nc3 Nf6 4. Bg5 Bb4 5. e5 h6 6. exf6 hxg5 7. fxg7 Rg8 8. h4 gxh4 9. Qg4 Qf6 10. Rxh4 Qxg7 11. Qxg7 Rxg7 12. Rh8+ Bf8 13. 0-0-0 Rg6 14. Re1 Rh6 15. Rg8 c6 16. g4 Rh7 17. g5 Rg7 18. Rxg7 Bxg7 19. Nf3 Nd7 20. Bh3 Nf8 21. Ne5 Bxe5 22. dxe5 Ng6 23. Bf1 Bd7 24. Bd3 Ke7 25. Bxg6 fxg6 26. Ne2 Rh8 27. Nf4 Kf7 28. Re3 b6 29. Rf3 Kg7 30. Rh3 Rf8 31. Nd3 c5 32. b3 Bb5 33. Rh2 Bxd3 34. cxd3 Rf5 35. Rg2 Rxe5 36. Kd2 Rf5 37. Ke3 e5 38. f3 Kf7 39. Rg4 Ke6 40. Rg2 Rf7 41. Rf2 Kf5 42. f4 d4+ 0-1

[Event "Wuerttemberg-ch MT"]
[Site "Gruenbach"]
[Date "2014.09.03"]
[Round "5"]
[White "Kabisch, Thilo"]
[Black "Grill, Bernd"]
[Result "1-0"]
[WhiteElo "2246"]
[BlackElo "2210"]
[PlyCount "125"]
[EventDate "2014.08.30"]
[EventType "swiss"]
[EventRounds "9"]
[EventCountry "GER"]
[SourceTitle "EXT 2017"]
[Source "ChessBase"]
[SourceDate "2016.10.25"]
[SourceVersion "1"]
[SourceVersionDate "2016.10.25"]
[SourceQuality "1"]

1. e4 Nf6 2. e5 Nd5 3. d4 Nb6 4. Nf3 d5 5. exd6 exd6 6. Be2 Be7 7. 0-0 0-0 8. Nbd2 Bf5 9. Re1 Nc6 10. Nf1 d5 11. Bf4 Bf6 12. b3 Re8 13. Rc1 Nc8 14. h3 h6 15. Ne3 Be4 16. c3 g5 17. Bh2 Bg7 18. Nd2 Bg6 19. Bf3 Nb6 20. Bg4 Ne7 21. Qf3 c6 22. a4 Nbc8 23. Nf5 Nxf5 24. Bxf5 Ne7 25. g4 Nxf5 26. gxf5 Bh7 27. Nf1 Qd7 28. Ne3 Re4 29. f6 Bf8 30. Be5 Rh4 31. Kh2 Kh8 32. Rg1 Bd6 33. Rg4 Rxg4 34. Qxg4 Qxg4 35. Nxg4 Bf8 36. c4 dxc4 37. bxc4 Re8 38. c5 Bf5 39. Ne3 Bc8 40. Kg3 Kh7 41. h4 gxh4+ 42. Kxh4 Bd7 43. Rb1 Bc8 44. f4 Kg6 45. a5 a6 46. Rg1+ Kh7 47. Kh5 Be6 48. Rb1 Bc8 49. Rc1 Be6 50. f5 Rc8 51. Rc2 Rd8 52. Kg4 Re8 53. Kf4 h5 54. Nc4 Bh6+ 55. Ke4 Bf8 56. Rh2 Kh6 57. Kf4 Bd7 58. Ne3 Rd8 59. Ng4+ Kh7 60. Rxh5+ Kg8 61. Rh7 Bc8 62. Ne3 Re8 63. Nc4 1-0

[Event "Wunsiedel op 8th"]
[Site "Wunsiedel"]
[Date "2014.05.29"]
[Round "2"]
[White "Delchev, Aleksander"]
[Black "Grill, Bernd"]
[Result "1-0"]
[WhiteElo "2628"]
[BlackElo "2205"]
[PlyCount "63"]
[EventDate "2014.05.29"]
[EventType "swiss"]
[EventRounds "7"]
[EventCountry "GER"]
[SourceTitle "CBM 160 Extra"]
[Source "ChessBase"]
[SourceDate "2014.07.01"]
[SourceVersion "1"]
[SourceVersionDate "2014.07.01"]
[SourceQuality "1"]

1. e4 e6 2. d4 d5 3. Nd2 Be7 4. e5 c5 5. Qg4 Bf8 6. dxc5 Qc7 7. Ngf3 Nd7 8. Bb5 Qxc5 9. Bd3 Qb4 10. c4 Nc5 11. Bc2 Nh6 12. Qf4 dxc4 13. a3 Qa5 14. Qxc4 b5 15. Qe2 Qb6 16. b4 Nd7 17. Ne4 Nf5 18. Bb2 h5 19. 0-0 Be7 20. Rfd1 Bb7 21. Neg5 g6 22. Nxf7 Kxf7 23. Rxd7 Rad8 24. Ng5+ Ke8 25. Rxb7 Qxb7 26. Nxe6 Rc8 27. Nf4 Rc4 28. Nxg6 Rg4 29. g3 Nh4 30. Nxh4 Bxh4 31. Bf5 Rgg8 32. Rd1 1-0

[Event "Staufer op 26th"]
[Site "Schwaebisch Gmuend"]
[Date "2014.01.04"]
[Round "6"]
[White "Kraemer, Enrico"]
[Black "Grill, Bernd"]
[Result "1-0"]
[WhiteElo "2121"]
[BlackElo "2221"]
[PlyCount "127"]
[EventDate "2014.01.02"]
[EventType "swiss"]
[EventRounds "9"]
[EventCountry "GER"]
[SourceTitle "CBM 158 Extra"]
[Source "ChessBase"]
[SourceDate "2014.02.28"]
[SourceVersion "1"]
[SourceVersionDate "2014.02.28"]
[SourceQuality "1"]

1. d4 Nf6 2. c4 c5 3. d5 e5 4. Nc3 d6 5. e4 Nbd7 6. Bd3 Be7 7. h3 h5 8. Be3 h4 9. Nge2 Nf8 10. f4 exf4 11. Nxf4 N8d7 12. Be2 Ne5 13. b3 a6 14. Nd3 Nfd7 15. Nxe5 Nxe5 16. Qd2 Bf6 17. Rc1 Bd7 18. a4 a5 19. Kd1 Qe7 20. Kc2 b6 21. Rcf1 Kd8 22. Rf2 Kc7 23. Rhf1 Kb7 24. Nd1 Ng6 25. Bd3 Raf8 26. Qe2 Be5 27. Rh1 Bg3 28. Rff1 Ne5 29. Bf4 Bxf4 30. Rxf4 g5 31. Rf2 g4 32. Ne3 Rhg8 33. hxg4 Bxg4 34. Qf1 Qg5 35. Rf4 Ka6 36. Qf2 Rh8 37. Rf6 Bc8 38. Rxd6 f6 39. Rf1 Rh6 40. Qf4 Qxf4 41. Rxf4 Kb7 42. Nf5 Bxf5 43. Rxf5 Rg6 44. Bf1 Ng4 45. Kd2 Re8 46. Rf4 Nh2 47. Ke1 Rg3 48. Rxh4 Ng4 49. Rh7+ Kc8 50. Rc6+ Kd8 51. Rxb6 Rxe4+ 52. Be2 Re7 53. Rxe7 Kxe7 54. Bxg4 Rxg4 55. Kf2 Rd4 56. Rc6 Rd3 57. Rxc5 Rxb3 58. Rxa5 Kd6 59. Ra6+ Kc5 60. Rc6+ Kd4 61. d6 Ke5 62. c5 Kf4 63. d7 Rb2+ 64. Ke1 1-0

[Event "Oberliga Wuerttemberg 1112"]
[Site "Wuerttemberg"]
[Date "2012.03.18"]
[Round "8.1"]
[White "Kabisch, Thilo"]
[Black "Grill, Bernd"]
[Result "1/2-1/2"]
[WhiteElo "2313"]
[BlackElo "2263"]
[PlyCount "135"]
[EventDate "2011.10.09"]
[EventType "team-tourn"]
[EventRounds "9"]
[EventCountry "GER"]
[SourceTitle "EXT 2019"]
[Source "ChessBase"]
[SourceDate "2018.10.10"]
[SourceVersion "1"]
[SourceVersionDate "2018.10.10"]
[SourceQuality "1"]
[WhiteTeam "Schmiden Cannstatt"]
[BlackTeam "Ebersbach"]
[WhiteTeamCountry "GER"]
[BlackTeamCountry "GER"]

1. e4 c5 2. Nf3 g6 3. c4 Bg7 4. d4 cxd4 5. Nxd4 Nc6 6. Be3 Nf6 7. Nc3 Ng4 8. Qxg4 Nxd4 9. Qd1 Ne6 10. Qd2 Qa5 11. Rc1 b6 12. Be2 Bb7 13. f3 g5 14. 0-0 d6 15. Rfd1 Qe5 16. b4 0-0 17. Nd5 Rae8 18. Bf1 Kh8 19. a4 h6 20. Bf2 f5 21. exf5 Qxf5 22. Re1 Bxd5 23. Qxd5 Qxd5 24. cxd5 Nf4 25. Rc7 Nxd5 26. Rxa7 Ra8 27. Rxa8 Rxa8 28. Bb5 Rb8 29. h3 Be5 30. Kf1 Nxb4 31. Rb1 Nc2 32. Bd3 Nd4 33. Rb4 Ne6 34. a5 Rc8 35. axb6 Nf4 36. b7 Rc1+ 37. Be1 d5 38. Rb1 Rxb1 39. Bxb1 Kg8 40. g3 Nh5 41. Kg2 Kf7 42. Bd3 Bb8 43. Be2 Nf6 44. h4 Nd7 45. Bb5 Nc5 46. Bc6 Ke6 47. Bb4 Nd3 48. Bd2 gxh4 49. gxh4 Nf4+ 50. Kf2 Kf5 51. Bxf4 Kxf4 52. Bxd5 Ke5 53. Be4 Kf4 54. Bc6 Ba7+ 55. Ke2 Ke5 56. Kd3 Kd6 57. Be4 Ke5 58. Kc4 Kd6 59. Kb5 Kc7 60. Ka6 Be3 61. Bf5 e5 62. Bc8 Kb8 63. Bf5 Bf2 64. h5 Be3 65. Be4 Bf4 66. Kb6 Be3+ 67. Kc6 Bf4 68. Kd6 1/2-1/2

[Event "Oberliga Wuerttemberg 1112"]
[Site "Wuerttemberg"]
[Date "2011.12.11"]
[Round "4.1"]
[White "Jurek, Josef"]
[Black "Grill, Bernd"]
[Result "1/2-1/2"]
[WhiteElo "2337"]
[BlackElo "2263"]
[PlyCount "44"]
[EventDate "2011.10.09"]
[EventType "team-tourn"]
[EventRounds "9"]
[EventCountry "GER"]
[SourceTitle "EXT 2019"]
[Source "ChessBase"]
[SourceDate "2018.10.10"]
[SourceVersion "1"]
[SourceVersionDate "2018.10.10"]
[SourceQuality "1"]
[WhiteTeam "Schwaebisch Gmuend"]
[BlackTeam "Ebersbach"]
[WhiteTeamCountry "GER"]
[BlackTeamCountry "GER"]

1. c4 c5 2. Nc3 Nf6 3. g3 d5 4. cxd5 Nxd5 5. Bg2 Nc7 6. b3 e5 7. Ba3 Be7 8. Rc1 Nba6 9. Nf3 f6 10. 0-0 Be6 11. e3 b5 12. Bb2 c4 13. Ne1 Rb8 14. Bc6+ Kf7 15. f4 Rb6 16. Be4 exf4 17. Rxf4 Nc5 18. Bc2 Kg8 19. Ne4 Nxe4 20. Bxe4 Nd5 21. Rf2 Nb4 22. Bb1 Ra6 1/2-1/2

[Event "Oberliga Wuerttemberg 0910"]
[Site "Wuerttemberg"]
[Date "2010.04.11"]
[Round "9.1"]
[White "Heidenfeld, Mark"]
[Black "Grill, Bernd"]
[Result "0-1"]
[WhiteElo "2316"]
[BlackElo "2229"]
[PlyCount "114"]
[EventDate "2009.10.11"]
[EventType "team-tourn"]
[EventRounds "9"]
[EventCountry "GER"]
[SourceTitle "EXT 2019"]
[Source "ChessBase"]
[SourceDate "2018.10.10"]
[SourceVersion "1"]
[SourceVersionDate "2018.10.10"]
[SourceQuality "1"]
[WhiteTeam "Ulm Post"]
[BlackTeam "Ebersbach"]
[WhiteTeamCountry "GER"]
[BlackTeamCountry "GER"]

1. e4 c6 2. d4 d5 3. Nc3 dxe4 4. Nxe4 Bf5 5. Ng3 Bg6 6. h4 h6 7. Nh3 e6 8. Nf4 Bh7 9. Bc4 Nf6 10. Nfh5 Nxh5 11. Nxh5 Nd7 12. c3 Nf6 13. Bf4 Nxh5 14. Qxh5 Bd6 15. Be5 0-0 16. Rh3 Bf5 17. Re3 b5 18. Bb3 b4 19. Rd1 a5 20. Rg3 Bxe5 21. dxe5 Qc7 22. Rd6 Kh8 23. Qd1 Qe7 24. Qd4 c5 25. Qxc5 Qxh4 26. Qc4 Qh1+ 27. Qf1 Qh2 28. Bd1 bxc3 29. bxc3 Rfc8 30. Rd7 Bg6 31. Re3 Rd8 32. Rxd8+ Rxd8 33. g3 Rb8 34. c4 Rb1 35. Rb3 Ra1 36. Rb2 Qh5 37. Qe2 Qg5 38. Qe3 Qg4 39. Qe2 Qg5 40. g4 Qf4 41. f3 Qd4 42. Rd2 Qg1+ 43. Qf1 Qg3+ 44. Qf2 Qxe5+ 45. Kf1 Rc1 46. Kg2 Rxc4 47. Qa7 Kh7 48. Qd7 Rc5 49. Qe8 f5 50. Qf8 fxg4 51. Rd8 gxf3+ 52. Kf1 Bf5 53. Qg8+ Kg6 54. Qe8+ Kg5 55. Qe7+ Kg4 56. Rd2 Rc1 57. Rg2+ Kh3 0-1

[Event "Oberliga Wuerttemberg 0910"]
[Site "Wuerttemberg"]
[Date "2009.11.15"]
[Round "3.1"]
[White "Grill, Bernd"]
[Black "Gabriel, Josef"]
[Result "1-0"]
[WhiteElo "2229"]
[BlackElo "2097"]
[PlyCount "73"]
[EventDate "2009.10.11"]
[EventType "team-tourn"]
[EventRounds "9"]
[EventCountry "GER"]
[SourceTitle "EXT 2019"]
[Source "ChessBase"]
[SourceDate "2018.10.10"]
[SourceVersion "1"]
[SourceVersionDate "2018.10.10"]
[SourceQuality "1"]
[WhiteTeam "Ebersbach"]
[BlackTeam "Stuttgart SF II"]
[WhiteTeamCountry "GER"]
[BlackTeamCountry "GER"]

1. e4 g6 2. d4 d6 3. Nc3 c6 4. Be3 Na6 5. Qd2 Bg7 6. f4 Nc7 7. h3 d5 8. e5 h5 9. Nf3 Nh6 10. Bf2 Nf5 11. g3 b6 12. 0-0-0 e6 13. Be2 Bf8 14. g4 Ng7 15. Rhg1 Be7 16. Rdf1 Kd7 17. Nd1 Ba6 18. Bxa6 Nxa6 19. Ne3 hxg4 20. hxg4 Rh3 21. Qe2 b5 22. Rh1 Rxh1 23. Rxh1 Qa5 24. Kb1 Nb4 25. a3 Na6 26. Be1 b4 27. Rh7 Rg8 28. Qd3 c5 29. dxc5 Bxc5 30. Nxd5 Kc8 31. axb4 Qa4 32. Nc3 Nxb4 33. Nxa4 Nxd3 34. cxd3 Be7 35. Nc3 Bb4 36. Ne4 Bxe1 37. Nxe1 1-0

[Event "Staufer op 21st"]
[Site "Schwaebisch Gmuend"]
[Date "2009.01.04"]
[Round "5"]
[White "Grill, Bernd"]
[Black "Philippe, Christophe"]
[Result "0-1"]
[WhiteElo "2192"]
[BlackElo "2458"]
[PlyCount "48"]
[EventDate "2009.01.02"]
[EventType "swiss"]
[EventRounds "9"]
[EventCountry "GER"]
[SourceTitle "CBM 128 Extra"]
[Source "ChessBase"]
[SourceDate "2009.03.05"]
[SourceVersion "2"]
[SourceVersionDate "2009.03.25"]
[SourceQuality "1"]

1. d4 Nf6 2. c4 e6 3. Nc3 Bb4 4. f3 0-0 5. e4 d5 6. e5 Nfd7 7. cxd5 exd5 8. f4 c5 9. Nf3 cxd4 10. Nxd4 Nxe5 11. fxe5 Qh4+ 12. Ke2 Bc5 13. Be3 Bg4+ 14. Nf3 d4 15. Bg1 Nd7 16. Ne4 d3+ 17. Qxd3 Nxe5 18. Qd5 Bxg1 19. h3 Bxf3+ 20. gxf3 Ng6 21. Qg5 Qxg5 22. Nxg5 Bd4 23. Kd2 Bxb2 24. Rb1 Be5 0-1

[Event "Oberliga Wuerttemberg 0708"]
[Site "Wuerttemberg"]
[Date "2007.10.07"]
[Round "1.2"]
[White "Dietrich, Frank"]
[Black "Grill, Bernd"]
[Result "1/2-1/2"]
[WhiteElo "2259"]
[BlackElo "2172"]
[PlyCount "113"]
[EventDate "2007.10.07"]
[EventType "team-tourn"]
[EventRounds "9"]
[EventCountry "GER"]
[SourceTitle "EXT 2018"]
[Source "ChessBase"]
[SourceDate "2017.10.13"]
[SourceVersion "1"]
[SourceVersionDate "2017.10.13"]
[SourceQuality "1"]
[WhiteTeam "Wolfbusch"]
[BlackTeam "Ebersbach"]
[WhiteTeamCountry "GER"]
[BlackTeamCountry "GER"]

1. e4 c5 2. Nf3 Nf6 3. d3 Nc6 4. c4 d6 5. g3 Bg4 6. Nbd2 g6 7. h3 Bd7 8. Bg2 Qc8 9. Rb1 Nb4 10. Qb3 a5 11. a3 a4 12. Qc3 Na2 13. Qc2 e5 14. Nf1 Nxc1 15. Rxc1 Bh6 16. Ne3 0-0 17. Rd1 Kh8 18. Qe2 Ra6 19. Nd2 Rb6 20. Nb1 Bxe3 21. fxe3 Nh5 22. Qf2 f5 23. 0-0 Rf6 24. Rd2 fxe4 25. g4 Rxf2 26. Rdxf2 Kg7 27. Nc3 Ng3 28. Rf7+ Kh6 29. R1f2 Be6 30. Re7 Rb3 31. Kh2 Rxc3 32. bxc3 Ne2 33. Rxe2 exd3 34. Rf2 Bxc4 35. Kg3 d2 36. Kh4 g5+ 37. Kg3 Bd3 38. Rxd2 c4 39. Rxd3 cxd3 40. Be4 Qg8 41. Bxd3 d5 42. Bf5 b5 43. Kf3 e4+ 44. Kg2 Qh8 45. Rb7 Qg8 46. Kg3 Qh8 47. Rd7 Qg8 48. Kf2 Qh8 49. Ke2 Qg8 50. Kd2 Qh8 51. Rxd5 Qb8 52. Bxe4 b4 53. Rd7 bxc3+ 54. Kd1 c2+ 55. Bxc2 Qb1+ 56. Kd2 Qe1+ 57. Kxe1 1/2-1/2

[Event "Mainz sim"]
[Site "Mainz"]
[Date "2007.08.13"]
[Round "?"]
[White "Ivanchuk, Vassily"]
[Black "Grill, Bernd"]
[Result "0-1"]
[WhiteElo "2762"]
[BlackElo "2182"]
[PlyCount "72"]
[EventDate "2007.08.13"]
[EventType "simul"]
[EventRounds "1"]
[EventCountry "GER"]
[SourceTitle "CBM 119 Extra"]
[Source "ChessBase"]
[SourceDate "2007.09.04"]
[SourceVersion "1"]
[SourceVersionDate "2007.09.04"]
[SourceQuality "1"]

1. e4 e6 2. d4 d5 3. Nc3 Nf6 4. Bg5 Be7 5. e5 Nfd7 6. Bxe7 Qxe7 7. f4 0-0 8. Nf3 c5 9. dxc5 Nxc5 10. Qd2 Nc6 11. 0-0-0 a6 12. Ne2 Ne4 13. Qe3 b5 14. Ned4 Nxd4 15. Nxd4 f6 16. g3 Qc5 17. exf6 gxf6 18. Bg2 Bb7 19. Rhe1 Rac8 20. Re2 Rfe8 21. a3 Kh8 22. Rd3 e5 23. fxe5 fxe5 24. Nf5 Qf8 25. g4 Nc5 26. Rd1 d4 27. Qg3 d3 28. Rf2 Be4 29. c3 Rcd8 30. Kd2 Bxg2 31. Qxg2 e4 32. Re1 Qg8 33. h4 Qb3 34. Ke3 d2 35. Rxd2 Rd3+ 36. Kf4 Ne6+ 0-1

[Event "Staufer op 14th"]
[Site "Schwaebisch Gmuend"]
[Date "2002.??.??"]
[Round "7"]
[White "Grill, Bernd"]
[Black "Bauer, Manfred"]
[Result "0-1"]
[WhiteElo "2109"]
[BlackElo "2254"]
[PlyCount "84"]
[EventDate "2002.02.??"]
[EventType "swiss"]
[EventRounds "9"]
[EventCountry "GER"]
[SourceTitle "EXT 2003"]
[Source "ChessBase"]
[SourceDate "2002.11.25"]
[SourceVersion "1"]
[SourceVersionDate "2002.11.25"]
[SourceQuality "1"]

1. d4 Nf6 2. Bg5 g6 3. Bxf6 exf6 4. g3 d5 5. Bg2 Be6 6. e3 c6 7. Ne2 Bd6 8. Nd2 Na6 9. b3 Qa5 10. c3 h5 11. h4 Bf5 12. e4 Be6 13. Kf1 0-0 14. f3 Qc7 15. Kf2 c5 16. Nf1 Rac8 17. Ne3 cxd4 18. cxd4 dxe4 19. fxe4 Rfd8 20. Rc1 Qa5 21. Rxc8 Rxc8 22. Bh3 Bxh3 23. Rxh3 Qxa2 24. g4 hxg4 25. Nxg4 Kg7 26. Nxf6 Kxf6 27. e5+ Kg7 28. exd6 Qa3 29. d7 Rd8 30. h5 Rxd7 31. hxg6 fxg6 32. Qd2 Kg8 33. Qc2 Rf7+ 34. Kg2 Qd6 35. Qc8+ Qf8 36. Qe6 Nc7 37. Qe5 Qg7 38. Qe3 Qf6 39. Ng3 Nd5 40. Qd2 Nf4+ 41. Kh2 Nxh3 42. Kxh3 Qf3 0-1